<?xml version="1.0" encoding="UTF-8"?>
<collection xmlns="http://www.loc.gov/MARC21/slim">
 <record>
  <leader>02322nam a2200289 a 4500</leader>
  <controlfield tag="001">TVCDKTCT13207</controlfield>
  <controlfield tag="003">Thư viện trường Cao đẳng Kỹ thuật Cao Thắng</controlfield>
  <controlfield tag="005">20221003142403.000</controlfield>
  <controlfield tag="008">110725</controlfield>
  <datafield tag="980" ind1="\" ind2="\">
   <subfield code="a">Thư viện Trường CĐ Kỹ Thuật Cao Thắng</subfield>
  </datafield>
  <datafield tag="024" ind1=" " ind2=" ">
   <subfield code="a">RG_1 #1 eb0 i1</subfield>
  </datafield>
  <datafield tag="041" ind1="0" ind2="#">
   <subfield code="a">vie</subfield>
  </datafield>
  <datafield tag="082" ind1="#" ind2="#">
   <subfield code="a">621.3 / </subfield>
   <subfield code="b">TH308K-t</subfield>
  </datafield>
  <datafield tag="100" ind1="1" ind2="#">
   <subfield code="a">Tăng Văn Mùi</subfield>
  </datafield>
  <datafield tag="245" ind1="0" ind2="0">
   <subfield code="a">Thiết kế xây dựng mạch điện quanh ta. Tập 3 / </subfield>
   <subfield code="c">Tăng Văn Mùi, Trần Duy Nam</subfield>
  </datafield>
  <datafield tag="260" ind1="#" ind2="#">
   <subfield code="a">H. : </subfield>
   <subfield code="b">Khoa học  và Kỹ thuật , </subfield>
   <subfield code="c">2011</subfield>
  </datafield>
  <datafield tag="300" ind1="#" ind2="#">
   <subfield code="a">168tr. ; </subfield>
   <subfield code="c">24cm</subfield>
  </datafield>
  <datafield tag="520" ind1="#" ind2="#">
   <subfield code="a">Tập 1 bao gồm các mạch điện ứng dụng IC định giờ 555, op amp, và các mạch quang điện tử vào lĩnh vực tạo hiệu ứng âm thanh, tạo xung, đo tần số, khuếch  đại âm thanh, quang thoại...</subfield>
  </datafield>
  <datafield tag="520" ind1="#" ind2="#">
   <subfield code="a">Tập II trình bày các mạch điện về khoa học và truyền thông dùng để phát hiện mưa, nhiệt độ, động đất, sương mù, áp suất, bức xạ mặt trời, ánh sáng...</subfield>
  </datafield>
  <datafield tag="520" ind1="#" ind2="#">
   <subfield code="a">Tập III giới thiệu các mạch sử dụng bộ cảm biến điện tử để phát hiện không khí chuyển động, độ nghiêng , áp suất, nhiệt, sự rung động, sức căng, ánh sáng, từ trường...., sử dụng bộ cảm biến để kích hoạt relay, nạp điện cho ắc quy, đo ánh sáng, điều khiển âm thanh, giám sát máy tính.</subfield>
  </datafield>
  <datafield tag="520" ind1="#" ind2="#">
   <subfield code="a">Tuyển tập &quot; Thiết kế, xây dựng mạch điện quanh ta&quot; gồm 3 tập, mỗi tập gồm nhiều mạch điện đã được thực hiện và kiểm tra ít nhất hai lần.</subfield>
  </datafield>
  <datafield tag="650" ind1="#" ind2="4">
   <subfield code="a">Mạch điện tử</subfield>
  </datafield>
  <datafield tag="653" ind1="#" ind2="#">
   <subfield code="a">Industrial Electronics Engineering</subfield>
  </datafield>
  <datafield tag="700" ind1="0" ind2="#">
   <subfield code="a">Trần Duy Nam</subfield>
  </datafield>
  <datafield tag="721" ind1="#" ind2="#">
   <subfield code="a">CNKT Điện tử</subfield>
  </datafield>
  <datafield tag="721" ind1="#" ind2="#">
   <subfield code="a">CNKT Điện</subfield>
  </datafield>
  <datafield tag="841" ind1="#" ind2="#">
   <subfield code="b">Kho Sách </subfield>
   <subfield code="j">100037723, 100037731, 100037738, 100037749, 100037754, 100037764, 100037770, 100037780, 100037785, 100037795, 100040227, 100040228, 100040229, 100040230, 100047015, 100047022, 100047416, 100048762, 100049682, 100049683, 100049684</subfield>
  </datafield>
 </record>
</collection>
